| 000 | 00542nam a2200205Ia 4500 | ||
|---|---|---|---|
| 003 | OSt | ||
| 005 | 20240904114213.0 | ||
| 008 | 220927b |||||||| |||| 00| 0 eng d | ||
| 020 | _a0333310799 | ||
| 037 | _cTextual | ||
| 040 |
_aSDCL _cSDCL _beng |
||
| 041 |
_2eng _aeng |
||
| 082 | _aYv M4 | ||
| 100 | _aSwingewood, Alan | ||
| 245 | 0 | _aShort history of sociological thought. | |
| 260 |
_aLondon : _bMacMillan, _c1984. |
||
| 300 | _ax,355p. | ||
| 942 |
_hYv M4 _cTEXL _2CC |
||
| 999 |
_c757387 _d757387 |
||